000 00696nam a2200289Ia 4500
005 20260324122954.0
008 008 260324s9999 xx 000 0 eng d
020 _a9780203110096
037 _aEBOOK
040 _aCRL
040 _beng
040 _cCRL
041 _2eng
041 _aeng
084 _qCRL
100 _aCarmen Casaliggi; Paul March-Russell
_91168542
245 0 _aLegacies of Romanticism
245 0 _bLiterature, Culture, Aesthetics
260 _bTaylor and Francis
260 _c2012
365 _a
365 _b255
856 _uhttp://www.taylorfrancis.com/books/9780203110096
942 _cEBOOK
999 _c1761652
_d1761652